A la fois objets et animaux - Statistiques

Statistiques générales
  • Ce quiz a été pris 47 fois
    16 depuis la dernière actualisation
  • Le résultat moyen est 11 sur 12
Statistiques - réponses
Définition pour l'objet Définition pour l'animal Réponse % Correct
Son dos désigne un bosse sur la route ayant pour but de ralentir. Sous-genre de mammifères périssodactyles de la famille des Équidés. Ils se caractérisent par une taille plus petite que celle du cheval, de longues oreilles et une échine saillante. Âne
100%
Branche métallique d'un parapluie, ayant ce nom la fait qu'il s'agisse historiquement des fanons de cette animal qui fut utilisées. Désigne certains mammifères marins de grande taille, classés dans l'ordre des Cétacés. Baleine
100%
Son pied est un terme générique populaire qui désigne différents objets et notamment des outils fendus en deux parties égales à leur extrémité. Nom de la femelle du cerf, mère du faon. Biche
100%
Parti d'une arme à feu qui percute l'amorce de la cartouche ou met le feu à la poudre. espèce de mammifère de la famille des Canidés. Il s’agit de la forme domestiquée du loup gris, laquelle comprend également le dingo, retourné à l'état sauvage. Chien
100%
Avec le suffixe -et, il désigne un petite boule de bois utilisée à la pétanque comme centre du jeu voir de "but". Proche du sanglier avec lequel il peut se croiser. La viande issue de l'exploitation de cet animal est la plus consommée dans le monde même si la consommer fait l'objet d'un interdit alimentaire dans certaines religions monothéistes : le judaïsme, l'islam et trois églises chrétiennes : l'adventisme, l'Église orthodoxe éthiopienne et l'Église kimbanguiste. Cochon
100%
Sa tête est un outil de nettoyage avec une brosse sphérique pour dépoussiérer les zones difficiles d'accès, souvent équipé d'un manche télescopique. Espèce de mammifère carnivore de la famille des canidés. Largement réparti en Eurasie et en Amérique du Nord, le chien est son descendant domestique direct issu d'une lignée vieille. Loup
100%
Il a donné son nom à un cocktail fait à base de pastis, de sirop de menthe et d'eau. nom vernaculaire désignant plusieurs espèces d'oiseaux psittaciformes ayant généralement un gros bec crochu, des couleurs vives et qui sont parfois capables d’utiliser la parole humaine. Perroquet
100%
Sa queue est une coiffure consistant à porter une fine queue avec les cheveux plus ou moins courts. Nom vernaculaire ambigu qui peut désigner, en français, des centaines d'espèces différentes dans le monde de mammifères rongeurs omnivores, dont la queue est nue, les dents tranchantes et le museau pointu. Rat
100%
Sa queue désigne un vêtement de cérémonie court devant et long à l'arrière, qui se ferme rarement et est souvent en satin. Espèce de passereaux de la famille des Corvidae, et l'une des espèces de corvidés parmi les plus répandues en Europe et dans une grande partie de l'Asie. Peuvent aisément être identifiées grâce à leur morphologie et à leur plumage noir et blanc caractéristique. Elles sont dites bavardes. Pie
93%
Pinceau en poil du même animal, servant à appliquer la mousse à raser pendant le rasage. Reconnaissable à son aspect trapu et court sur pattes, ainsi qu’aux bandes longitudinales noires qu'il porte sur sa face blanche, il s’agit d’un animal fouisseur, capable de construire de vastes galeries « familiales » Blaireau
86%
Ses pinces sont utilisés en électronique pour relier des éléments par un fil, ses pinces permettent de placer facilement ce fil. Selon Hérodote serait initialement le nom donné par les Ioniens aux lézards épineux des murailles et par analogie aurait été étendu à cet animal vivant dans le Nil. Crocodile
86%
En charpenterie, sa patte est un assemblage de pièces présentant en plan la forme triangulaire, une enrayure du comble au-dessus du chevet d'une église gothique ou trois traits qui se réunissent à un seul point, façon dont les charpentiers marquent certaines pièces de bois. Nom vernaculaire ambigu en français. Les animaux de ce nom forment un groupe d'oiseaux appartenant à la famille des anatidés parmi laquelle on trouve aussi les cygnes et les canards. Le terme associé ne désigne pas spécifiquement les espèces du genre Anser, ni même les espèces de la sous-famille des Anserinae. Oie
79%
Aucun quiz correspondant
Distribution des résultats
% des personnes avec chaque résultat
Percentile par nombre de réponses
Votre historique - résultats
Vous n’avez pas pris ce quiz depuis la dernière actualisation